| 000 | 01341cam a22003497a 4500 | ||
|---|---|---|---|
| 001 | 13028213 | ||
| 003 | OSt | ||
| 005 | 20220224101719.0 | ||
| 008 | 021211s2003 ne a b 001 0 eng d | ||
| 010 | _a 2002117166 | ||
| 015 | _aGBA2-U1286 | ||
| 016 | 7 |
_a0121413608 _2Uk |
|
| 020 |
_a0121413608 : _c£42.00 |
||
| 035 | _a(DLC)13028213 | ||
| 040 |
_aStDuBDS _chu _dUk _dCStRLIN _dDLC |
||
| 042 | _alccopycat | ||
| 050 | 0 | 0 |
_aSD387.D43 _bB85 2003 |
| 082 | 0 | 0 |
_a634.90684 BUO _222 |
| 100 | 1 |
_aBuongiorno, Joseph. _912000 |
|
| 245 | 1 | 0 |
_aDecision methods for forest resource managers / _cJoseph Buongiorno and Keith J. Gilless. |
| 260 |
_aAmsterdam ; _aBoston : _bAcademic Press, _c2003. |
||
| 300 |
_axvii, 439 p. : _bill. ; _c24 cm. |
||
| 504 | _aIncludes bibliographical references and index. | ||
| 650 | 0 |
_aForest management _xDecision making. _912869 |
|
| 700 | 1 |
_aGilless, J. Keith. _931506 |
|
| 856 | 4 | 2 |
_3Publisher description _uhttp://www.loc.gov/catdir/description/els031/2002117166.html |
| 856 | 4 | 1 |
_3Table of contents _uhttp://www.loc.gov/catdir/toc/els031/2002117166.html |
| 906 |
_a7 _bcbc _ccopycat _d3 _encip _f20 _gy-gencatlg |
||
| 942 |
_2ddc _cBOOKS _n0 |
||
| 999 |
_c31537 _d31537 |
||